Country focus (Record no. 83951)

MARC details
000 -LEADER
fixed length control field 00777cab a22002055a 4500
001 - CONTROL NUMBER
control field L156106
008 - FIXED-LENGTH DATA ELEMENTS--GENERAL INFORMATION
fixed length control field 120430e20120924xxk 000 0 eng d
035 ## - SYSTEM CONTROL NUMBER
System control number (Sirsi) u156106
041 0# - LANGUAGE CODE
Language code of text/sound track or separate title eng
100 1# - MAIN ENTRY--PERSONAL NAME
Personal name Needler, Paul
245 00 - TITLE STATEMENT
Title Country focus
Remainder of title Qatar
260 ## - PUBLICATION, DISTRIBUTION, ETC.
Date of publication, distribution, etc. 2012
490 ## - SERIES STATEMENT
Series statement Building
Volume/sequential designation 277 (8725) 27 April 2012, 86-88(3)
520 ## - SUMMARY, ETC.
Summary, etc. Qatar: economic overview, the development pipeline, and the construction industry (capability of the existing supply chain; logistics, materials and labour availability; construction inflation; labour availability and welfare); first quarter 2012 costs (£/m2) and key data 2010, 2011 and 2012.
590 ## - LOCAL NOTE (RLIN)
Local note KA
651 #4 - SUBJECT ADDED ENTRY--GEOGRAPHIC NAME
Geographic name Qatar
690 ## - LOCAL SUBJECT ADDED ENTRY--TOPICAL TERM (OCLC, RLIN)
Topical term or geographic name as entry element Construction management
9 (RLIN) 6230
710 ## - ADDED ENTRY--CORPORATE NAME
Corporate name or jurisdiction name as entry element EC Harris
9 (RLIN) 4930
942 ## - ADDED ENTRY ELEMENTS (KOHA)
Suppress in OPAC 0
Holdings
Withdrawn status Lost status Source of classification or shelving scheme Damaged status Not for loan Home library Current library Shelving location Date acquired Total Checkouts Full call number Barcode Date last seen Copy number Price effective from Koha item type
    Dewey Decimal Classification     London London Journal article 30/04/2012   L156106 156106-1001 06/08/2019 1 06/08/2019 Journal article